[Event "HCL-E1483"]
[Site "www.playchess.de"]
[Date "2006.03.06"]
[Round "9"]
[White "garethh"]
[Black "Pillsbury"]
[WhiteElo "1854"]
[BlackElo "2000"]
[PlyCount "124"]
[Result "0-1"]

1.e4 {Hello and good luck}  c5 {good game ! hello 
from germany}  2.Nf3 Nc6 3.d4 cxd4 4.Nxd4 Nf6 
5.Nc3 e5 {svesnikov challenges the dragon of 
wales}  6.Ndb5 {challenge accepted :0)}  d6 7.Bg5 
a6 8.Na3 b5 9.Nd5 Be7 {I hate the silent draw Qa5} 
 10.Bxf6 Bxf6 11.c3 {I was reading your story 
about Pillsbury's memory. Oh to have a memory like 
that !!}  O-O 12.Nc2 Bg5 13.a4 bxa4 14.Rxa4 a5 
15.Bc4 Rb8 16.Ra2 Kh8 17.Nce3 g6 18.h4 Bxh4 19.g3 
Bg5 {a difficult decision !}  20.f4 {indeed.}  
exf4 21.gxf4 Bh4+ 22.Kf1 f5 23.b4 fxe4 24.Rah2 g5 
25.b5 Ne5 26.Qd4 Rb7 27.R2xh4 gxh4 28.Ke2 h3 
29.fxe5 Rg7 30.Nf6 Qe7 31.Nxe4 dxe5 32.Qd6 Qe8 
33.Nf6 Qe7 34.Qxe7 Rxe7 35.Nfd5 Rb7 36.b6 a4 
37.Ba6 Rxb6 38.Nxb6 Bxa6+ 39.c4 a3 40.Nd7 Bb7 
41.Rxh3 Bc8 42.Nd5 Bxd7 43.Rxa3 Bg4+ 44.Ke1 Kg7 
45.c5 Rf3 46.Ra7+ Rf7 47.Ra4 Be6 48.Nc3 Rc7 49.Ra5 
Rc6 50.Ke2 h5 51.Kf3 h4 52.Ne2 Kf6 53.Kg2 Rc8 
54.Nc3 Rg8+ 55.Kh2 Rg4 56.Ra6 Rd4 57.c6 Rc4 58.Nb5 
Rc2+ 59.Kg1 h3 60.c7 Ke7 61.c8N+ Bxc8 62.Nd6 
Bxa6 0-1

[Event "HCL-A2629"]
[Site "www.playchess.de"]
[Date "2006.03.06"]
[Round "17"]
[White "froilo"]
[Black "BohdanL"]
[WhiteElo "1490"]
[BlackElo "1517"]
[PlyCount "39"]
[Result "1-0"]

1.Nf3 d6 {hi}  2.b3 {hi}  Bg4 3.e3 Nf6 4.Bb2 e5 
5.Be2 Be7 6.O-O O-O 7.d3 c6 8.Nbd2 Na6 9.h3 Be6 
10.a3 b5 11.b4 Nc7 12.Nh2 Nfe8 13.Bg4 f5 14.Bf3 
Qd7 15.c4 a6 16.Qc2 Nf6 17.cxb5 axb5 18.Bxc6 Qd8 
19.Bxa8 Qxa8 20.Qxc7 1-0

[Event "HCL-A2641"]
[Site "www.playchess.de"]
[Date "2006.03.06"]
[Round "3"]
[White "scaper"]
[Black "cliffoliveira"]
[WhiteElo "1528"]
[BlackElo "1435"]
[PlyCount "44"]
[Result "0-1"]

1.d4 {hi
}  Nf6 {Hi, gooh luck}  2.c4 g6 3.Nc3 Bg7 4.Bg5 d6 
5.Qd2 O-O 6.Bh6 Nc6 7.Bxg7 Kxg7 8.e4 e5 9.d5 Ne7 
10.Bd3 Nd7 11.h4 h5 12.Be2 Nc5 13.Bxh5 gxh5 
14.Qg5+ Ng6 15.Qxh5 {it´s a try ... but i don´t 
have the best feeling! ;-)}  Rh8 {I dont belive so 
this is yor best feeling!}  16.Qf3 Rxh4 17.Nh3 Qf6 
18.Qxf6+ Kxf6 19.O-O-O Bg4 20.Rd2 {this is the 
first game since a long time where i didn´t take 
ninzowitschs system; so it´s clear for the future 
what to do!}  Nf4 21.g3 Rxh3 22.Rxh3 
Nxh3 0-1

[Event "HCL-C4130"]
[Site "www.playchess.de"]
[Date "2006.03.06"]
[Round "11"]
[White "ronan48"]
[Black "sweendog"]
[WhiteElo "876"]
[BlackElo "721"]
[PlyCount "41"]
[Result "1-0"]

1.e4 {Hello !}  e5 {hi}  2.Nf3 Nc6 3.Nc3 a5 4.a4 
Nf6 5.Bb5 Bc5 6.O-O Bb4 7.d4 Nxe4 8.Nxe4 O-O 9.c3 
d6 10.cxb4 axb4 11.d5 Na5 12.Bd2 f5 13.Neg5 e4 
14.Nh4 c5 15.Qh5 h6 16.Ne6 Qe7 17.Nxf8 Nb3 18.Nhg6 
Qf7 19.Bxh6 Nxa1 20.Bf4 Nc2 21.Qh8+ 1-0

[Event "HCL-C4123"]
[Site "www.playchess.de"]
[Date "2006.03.07"]
[Round "2"]
[White "tbouma"]
[Black "Milosforman"]
[WhiteElo "1165"]
[BlackElo "930"]
[PlyCount "119"]
[Result "1-0"]

1.d4 d5 2.Bf4 Nf6 3.Nf3 Ne4 4.Nbd2 e6 5.c3 g5 
6.Be5 f6 7.Bg3 Nxg3 8.hxg3 Nc6 9.e3 g4 10.Nh2 f5 
11.f3 h5 12.Bb5 Bd7 13.O-O a6 14.Ba4 b5 15.Bb3 Bd6 
16.f4 a5 17.a3 a4 18.Ba2 Na5 19.Kf2 h4 20.Nxg4 
fxg4 21.Qxg4 hxg3+ 22.Qxg3 Qh4 23.Qxh4 Rxh4 24.g3 
Rh2+ 25.Ke1 Nc4 26.Nxc4 dxc4 27.g4 O-O-O 28.g5 
Rdh8 29.Rb1 R2h1 30.Rxh1 Rxh1+ 31.Ke2 Rxb1 32.Bxb1 
Bf8 33.Be4 Kd8 34.Kf3 c6 35.Kg4 e5+ 36.f5 Ke7 
37.g6 Kf6 38.Bb1 c5 39.dxe5+ Kxe5 40.e4 Bg7 41.Kf3 
Bh6 42.Kg4 Bc6 43.Kh5 Bg7 44.Kg5 Be8 45.Bc2 Kd6 
46.f6 Bh8 47.g7 Bxg7 48.fxg7 Bf7 49.Kf6 Bg8 50.e5+ 
Kd7 51.Bf5+ Ke8 52.Be6 Bh7 53.g8Q+ Bxg8 54.Bxg8 
Kf8 55.Bd5 b4 56.Bxc4 bxc3 57.bxc3 Ke8 58.Bf7+ Kf8 
59.e6 c4 {nice game... it would have been a draw 
if i didnt move the king... see you next game}  
60.e7+ {thanks - it was an exciting game} 
 1-0

[Event "HCL-A2598"]
[Site "www.playchess.de"]
[Date "2006.03.07"]
[Round "7"]
[White "padre"]
[Black "dynamike"]
[WhiteElo "1406"]
[BlackElo "1442"]
[PlyCount "34"]
[Result "0-1"]

1.e4 c5 2.Nf3 e6 3.d4 cxd4 4.Nxd4 a6 5.Nc3 Qc7 
6.Be2 Nf6 7.f4 Bb4 8.Bd2 Bxc3 9.Bxc3 Nxe4 10.O-O 
Nxc3 11.bxc3 Qxc3 12.Rf3 Qa5 13.Rh3 d5 14.Qd3 h6 
15.Bg4 Nc6 16.Nf3 Bd7 17.c3 Rc8 0-1

[Event "HCL-B3820"]
[Site "www.playchess.de"]
[Date "2006.03.07"]
[Round "24"]
[White "GMO"]
[Black "JRockne"]
[WhiteElo "1337"]
[BlackElo "1053"]
[PlyCount "61"]
[Result "1-0"]

1.e4 e5 2.Bc4 Nc6 3.Qf3 Nf6 4.d3 d6 5.Bg5 Be7 
6.Nc3 h6 7.Bxf6 Bxf6 8.O-O-O Qe7 9.Kb1 Be6 10.Bb5 
Bd7 11.Nd5 Qd8 12.Nxf6+ gxf6 13.Ne2 a6 14.Bc4 Be6 
15.Bxe6 fxe6 16.Qh5+ Ke7 17.a3 Qg8 18.Rhg1 Rf8 
19.Qh3 Qh7 20.f4 exf4 21.Nxf4 Nd8 22.Rdf1 e5 
23.Nd5+ Ke8 24.Nxf6+ Ke7 25.Nxh7 Rf7 26.Rxf7+ Nxf7 
27.Qh4+ Kd7 28.Nf6+ Kc6 29.Rf1 Ng5 30.Ng4 Ne6 
31.Rf6 1-0

[Event "HCL-B3907"]
[Site "www.playchess.de"]
[Date "2006.03.07"]
[Round "1"]
[White "Littlearza"]
[Black "tusnelda"]
[WhiteElo "1430"]
[BlackElo "1285"]
[PlyCount "47"]
[Result "1-0"]

1.e4 e5 2.Bc4 Nf6 3.d3 Bc5 4.Nf3 d6 5.h3 Nc6 6.Nc3 
O-O 7.Ng5 Ne7 8.O-O Ng6 9.Qf3 h6 10.Bxf7+ Rxf7 
11.Nxf7 Kxf7 12.Nd5 Nh4 13.Qd1 c6 14.Ne3 Be6 15.c4 
a6 16.f4 exf4 17.Rxf4 g5 18.Rf1 Qd7 19.d4 Ba7 
20.d5 Bxh3 21.gxh3 Qxh3 22.Rxf6+ Kxf6 23.Qf1+ Kg6 
24.Qxh3 1-0

[Event "HCL-M875"]
[Site "www.playchess.de"]
[Date "2006.03.07"]
[Round "2"]
[White "Eaglewingz"]
[Black "BanzayFish"]
[WhiteElo "1974"]
[BlackElo "1889"]
[PlyCount "50"]
[Result "1/2-1/2"]

1.e4 {Hello..to a good game!}  e5 {Hey :) Thank 
you and you too!}  2.Nf3 Nc6 3.Bb5 a6 4.Bxc6 dxc6 
5.d3 f6 {merry Christmas}  6.O-O {Thanks. Have a 
Merry Christmas!}  Bg4 {:)}  7.Be3 Qd7 {a happy 
new year}  8.Nbd2 {Have a Blessed and Prosperous 
New Year}  O-O-O {thank's a lot}  9.a3 {:)}  Ne7 
10.b4 Ng6 11.Qb1 Be7 12.Qb3 Rhf8 13.Qc4 Nf4 
14.Bxf4 exf4 15.a4 g5 16.h3 Be6 17.Qc3 Rfg8 
18.Rfb1 g4 19.hxg4 Bxg4 20.Kf1 Bxf3 21.Nxf3 Qg4 
22.Ne1 f3 23.gxf3 Qh3+ 24.Ke2 Bd6 25.Qxf6 Rde8 
{(offering draw)}  1/2-1/2

[Event "HCL-B3853"]
[Site "www.playchess.de"]
[Date "2006.03.07"]
[Round "23"]
[White "ulibear"]
[Black "evets"]
[WhiteElo "1232"]
[BlackElo "1367"]
[PlyCount "83"]
[Result "1/2-1/2"]

1.Nf3 {hi again and best of luck}  d5 2.d4 Bg4 
3.Ne5 Nf6 4.Nxg4 Nxg4 5.e3 Nf6 6.Bd3 Nc6 7.a3 e5 
8.dxe5 Nxe5 9.Be2 Be7 10.O-O O-O 11.b3 c5 12.Bb2 
Qc7 13.Nd2 Rad8 14.c3 Nc6 15.Qc1 Ne4 16.Nxe4 dxe4 
17.c4 Rd6 18.Rd1 Rh6 19.g3 Rd8 20.Rxd8+ Nxd8 
21.Qc2 Ne6 22.Qxe4 Ng5 23.Qg2 Qc8 24.Rd1 Nh3+ 
25.Kf1 Rd6 26.Rxd6 Bxd6 27.g4 Ng5 28.f4 Ne6 29.h3 
g6 30.Qd5 Bb8 31.Bf3 b6 32.Kf2 Nc7 33.Qc6 Qd8 
34.Qf6 Qd2+ 35.Kg3 Qe1+ 36.Kg2 Qd2+ 37.Kf1 Qd3+ 
38.Be2 Qb1+ 39.Kf2 Kf8 40.Qh8+ Ke7 41.Qf6+ Ke8 
42.Qe5+ {(offering draw)}  1/2-1/2

[Event "HCL-E1587"]
[Site "www.playchess.de"]
[Date "2006.03.07"]
[Round "1"]
[White "Miguelito"]
[Black "Mr_Bill"]
[WhiteElo "1330"]
[BlackElo "1646"]
[PlyCount "42"]
[Result "0-1"]

1.Nf3 {oh noooooooo}  d6 {   :)}  2.e4 e5 3.d4 Bg4 
4.d5 f5 5.Nc3 Nf6 6.Bg5 Be7 7.exf5 O-O 8.Be2 Bxf5 
9.O-O Ne4 10.Nxe4 Bxe4 11.Bxe7 Qxe7 12.c4 Nd7 
13.Bd3 Bxf3 14.gxf3 Qg5+ 15.Kh1 Qh4 16.Be4 Nc5 
17.Qc2 Nxe4 18.fxe4 Rf3 19.Rae1 Raf8 20.Re2 R8f6 
21.b3 Rh6 0-1

[Event "HCL-C4086"]
[Site "www.playchess.de"]
[Date "2006.03.07"]
[Round "6"]
[White "Loren7"]
[Black "papolo"]
[WhiteElo "800"]
[BlackElo "799"]
[PlyCount "32"]
[Result "0-1"]

1.g3 e5 2.e3 Nf6 3.Bc4 b6 4.Qf3 e4 5.Qf4 Bd6 6.Qg5 
h6 7.Qxg7 Rh7 8.Bxf7+ Ke7 9.Qxf6+ Kxf6 10.Bd5 c6 
11.Bxe4 Ke7 12.Bxh7 Bb7 {oooppppssss!!!!}  13.Nh3 
c5 14.O-O a5 15.Nc3 Qe8 16.Nb5 
Be5 0-1

[Event "ACL-B032"]
[Site "www.playchess.de"]
[Date "2006.03.07"]
[Round "32"]
[White "hal1958"]
[Black "Peter_Richard"]
[WhiteElo "1371"]
[BlackElo "1747"]
[PlyCount "66"]
[Result "0-1"]

1.b4 {thanks for filling the last position inn 
theis tournament}  d5 {Hello again--it's been 
almost 2 years since we last played each other.}  
2.Bb2 Nf6 3.e3 e6 4.a3 c5 5.b5 Be7 6.Nf3 O-O 7.c4 
b6 8.Be2 a6 9.a4 Nbd7 10.O-O Bb7 11.d3 Qc7 12.Nbd2 
Rfd8 13.Nb3 dxc4 14.dxc4 Ng4 15.h3 Ndf6 16.Qc2 Be4 
17.Qc1 Bxf3 18.hxg4 Nxg4 19.g3 Bxe2 20.Re1 Bf3 
21.Nd2 Bb7 22.Bc3 Ne5 23.Qc2 Rxd2 24.Bxd2 Nf3+ 
25.Kf1 Be4 26.Qb2 Bd3+ 27.Kg2 Qb7 28.Kh3 Bf5+ 
29.g4 Bxg4+ 30.Kxg4 Qe4+ 31.Kg3 Bd6+ {mate in 3.}  
32.Kg2 Qg4+ 33.Kf1 Nh2+ 0-1

[Event "HCL-B3867"]
[Site "www.playchess.de"]
[Date "2006.03.07"]
[Round "6"]
[White "unclcarle"]
[Black "simple"]
[WhiteElo "1057"]
[BlackElo "766"]
[PlyCount "57"]
[Result "1-0"]

1.e4 {Greetings from NYC.  Have a great game}  e5 
2.Nf3 Nf6 3.Nc3 b6 4.Nxe5 d5 5.Bb5+ Nfd7 6.exd5 
Bd6 7.d4 O-O 8.O-O a6 9.Bxd7 Nxd7 10.Nc6 Qf6 
11.Ne4 Qg6 12.Nxd6 Qxd6 13.Re1 Qxd5 14.Ne7+ Kh8 
{ouch!!! Great move.}  15.Nxd5 {Thank you. :)}  
Bb7 16.Ne7 Rae8 17.Nf5 Red8 18.Qg4 g6 19.Nh6 Rde8 
20.Be3 f5 21.Qf4 Re4 22.Qxc7 Nf6 23.Qxb7 Ng4 24.d5 
Nxh2 25.Kxh2 f4 26.Bxb6 Rfe8 27.Rxe4 Rxe4 28.Nf7+ 
Kg8 29.Ng5 1-0

[Event "ACL-A647"]
[Site "www.playchess.de"]
[Date "2006.03.07"]
[Round "6"]
[White "PrinceKheldar"]
[Black "Viktor"]
[WhiteElo "1900"]
[BlackElo "1573"]
[PlyCount "86"]
[Result "0-1"]

1.d4 Nf6 {Hi! Good Luck!}  2.g3 {Good luck.}  d5 
3.Bg2 Nc6 4.Nf3 Bf5 5.c4 dxc4 6.O-O e6 7.Qa4 Qd7 
8.Nc3 Nd5 9.Qxc4 Nxc3 10.Qxc3 Bb4 11.Qb3 Qd5 
12.Ne5 Qxb3 13.Bxc6+ bxc6 14.axb3 c5 15.Nc6 Be4 
16.Nxb4 cxb4 17.Bf4 Kd7 18.Rfc1 Rhc8 19.f3 Bd5 
20.e4 Bxb3 21.Ra6 h6 22.h4 f6 23.h5 c6 24.Kf2 Ke8 
25.Bd6 Rcd8 26.Rcxc6 Rd7 27.Ke3 Rb7 28.Rc1 Kf7 
29.Kd3 Rd8 30.Rca1 Rdd7 31.g4 g6 32.hxg6+ Kxg6 
33.f4 Rb5 {(offering draw)}  34.f5+ Kg7 35.R6xa7 
Rbb7 36.Rxb7 Rxb7 37.Rh1 Rb6 38.Bf4 exf5 39.gxf5 
Rc6 40.d5 Rc8 41.Bxh6+ Kf7 42.Bd2 Ba4 43.Rh7+ 
Kg8 0-1

[Event "HCL-M892"]
[Site "www.playchess.de"]
[Date "2006.03.07"]
[Round "1"]
[White "Tapiwa"]
[Black "truhart"]
[WhiteElo "1958"]
[BlackElo "1790"]
[PlyCount "84"]
[Result "1/2-1/2"]

1.e4 c5 {good luck}  2.Nf3 Nc6 3.d4 {Best wishes 
to you too.}  cxd4 4.Nxd4 Nf6 5.Nc3 e5 6.Ndb5 d6 
7.a4 Nb4 8.Bc4 a6 9.Na3 Be7 10.O-O O-O 11.Bg5 h6 
12.Be3 Be6 13.Qe2 Rc8 14.Bxe6 fxe6 15.f3 d5 
16.exd5 exd5 17.Rad1 d4 18.Bf2 Qa5 19.Ncb1 Qxa4 
20.Qxe5 Nc6 21.Qe6+ Kh8 22.Rfe1 Bb4 23.Ref1 Rce8 
24.Qc4 Qa5 25.Kh1 Bc5 26.Rfe1 Qb6 27.Bg3 Nh5 
28.Bf2 Nf6 29.Nd2 Rxe1+ 30.Bxe1 Ne5 31.Qb3 d3 
32.Ndc4 Qxb3 33.cxb3 Re8 34.Bg3 Nc6 35.Rxd3 b5 
36.Nd2 Nb4 37.Rc3 Bd4 38.Rc7 Bxb2 39.Nc2 Nfd5 
40.Rc5 Re2 41.Nxb4 Nxb4 42.Ne4 Re3 {(offering 
draw)}  1/2-1/2

[Event "HCL-C4063"]
[Site "www.playchess.de"]
[Date "2006.03.07"]
[Round "12"]
[White "cla114"]
[Black "Milosforman"]
[WhiteElo "825"]
[BlackElo "878"]
[PlyCount "61"]
[Result "1-0"]

1.e4 c6 2.Nc3 e6 3.Nf3 d6 4.Bc4 d5 5.exd5 cxd5 
6.Bd3 Bb4 7.O-O Ne7 8.Ng5 g6 9.Qg4 e5 10.Qxb4 a5 
11.Qb3 Be6 12.Nxe6 fxe6 13.Qb5+ Qd7 14.Be2 Qxb5 
15.Nxb5 O-O 16.Nd6 b6 17.d3 d4 18.b3 Nbc6 19.Ba3 
Rfd8 20.c4 Nf5 21.Bg4 h5 22.Bf3 Nxd6 23.Bxc6 Rac8 
24.Bb5 e4 25.dxe4 Nxe4 26.Bb2 Nd2 27.Rfe1 Nxb3 
28.axb3 d3 29.Rxe6 Kf7 30.Rf6+ Ke7 
31.Re1+ 1-0

[Event "HCL-C4215"]
[Site "www.playchess.de"]
[Date "2006.03.07"]
[Round "20"]
[White "Veltliner"]
[Black "sonnenschein"]
[WhiteElo "1200"]
[BlackElo "1200"]
[PlyCount "49"]
[Result "1-0"]

1.e3 e5 2.Nc3 Nc6 3.Bb5 a6 4.Bxc6 dxc6 5.Nf3 Bg4 
6.O-O Bxf3 7.Qxf3 Nf6 8.e4 Bc5 9.Na4 Bd4 10.c3 b5 
11.cxd4 Qxd4 12.Nc3 Rd8 13.Re1 O-O 14.Re3 Qc4 
15.Qg3 Rfe8 16.Qg5 Rd3 17.b3 h6 18.bxc4 hxg5 
19.Rxd3 Nxe4 20.Nxe4 bxc4 21.Rd7 f6 22.Rxc7 Re6 
23.Rb1 Kh7 24.Rbb7 f5 25.Nxg5+ 1-0

[Event "HCL-E1553"]
[Site "www.playchess.de"]
[Date "2006.03.07"]
[Round "8"]
[White "aadje"]
[Black "Jule"]
[WhiteElo "1850"]
[BlackElo "1374"]
[PlyCount "73"]
[Result "1-0"]

1.d4 {Best of luck, greetings}  d5 {Hi good luck 
to this game}  2.c4 e6 3.Nc3 Nf6 4.Nf3 h6 5.Bf4 
Bd6 6.Bxd6 Qxd6 7.e3 O-O 8.Bd3 a6 9.c5 Qe7 10.O-O 
Nbd7 11.Qb3 c6 12.e4 dxe4 13.Bxe4 Nxe4 14.Nxe4 Nf6 
15.Nd6 Ne8 16.Nxe8 Rxe8 17.Rfe1 Rb8 18.Ne5 Qg5 
19.Nxc6 Ra8 20.Qf3 bxc6 21.Qxc6 Rb8 22.Qxe8+ Kh7 
23.Qxf7 Rxb2 24.Qc7 Qf5 25.Ref1 Bb7 26.c6 Ba8 
27.Qc8 Bxc6 28.Qxc6 a5 29.a4 Rb4 30.Qc5 Qxc5 
31.dxc5 Rc4 32.Rfc1 Rd4 33.c6 Rd8 34.c7 Rc8 
35.Rab1 {was a nice match}  Kg6 {That is right. 
Your have deverved to win this game too. You were 
a little bit better than me.}  36.Rb8 {yes not 
very much but maybe a little more experiance by  
age ;) who know....}  Rxc7 {Nobody is knowing it. 
But the experieance could be the reason}  37.Rxc7 
{That is right, i am an expert otb player and play 
every week competition too}  1-0

[Event "HCL-E1569"]
[Site "www.playchess.de"]
[Date "2006.03.07"]
[Round "29"]
[White "carlosmadeira"]
[Black "Glomp"]
[WhiteElo "1556"]
[BlackElo "1550"]
[PlyCount "23"]
[Result "1-0"]

1.d4 d5 2.e3 Nf6 3.c4 e6 4.Nc3 Be7 5.Nf3 O-O 6.Be2 
b6 7.Qb3 Bb7 8.O-O dxc4 9.Qxc4 Ba6 10.Qb3 Bxe2 
11.Nxe2 c5 12.Bd2 1-0

[Event "HCL-A2599"]
[Site "www.playchess.de"]
[Date "2006.03.07"]
[Round "9"]
[White "steady_eddie"]
[Black "dynamike"]
[WhiteElo "1670"]
[BlackElo "1451"]
[PlyCount "77"]
[Result "1-0"]

1.f4 c5 2.Nf3 d5 3.e3 Nc6 4.b3 e6 5.Bb2 Nf6 6.Bb5 
Qc7 7.Ne5 a6 8.Bxc6+ bxc6 9.c4 Bd6 10.O-O O-O 
11.Nf3 Rd8 12.Qc2 Qb6 13.Nc3 d4 14.Na4 Qa7 15.exd4 
cxd4 16.Bxd4 c5 17.Be5 Bxe5 18.fxe5 Nd7 19.Rae1 
Qc7 20.Qc3 Qc6 21.d4 Bb7 22.dxc5 Nxc5 23.Nxc5 
Qxc5+ 24.Kh1 Bxf3 25.Rxf3 Rd7 26.Ref1 Rad8 27.h3 
R7d1 28.b4 Qc7 29.a3 Rxf1+ 30.Rxf1 Kf8 31.Rc1 Ke7 
32.c5 Rd5 33.Re1 a5 34.c6 axb4 35.axb4 f6 36.exf6+ 
gxf6 37.Qc4 Kd6 38.Qf4+ Re5 39.Rd1+ 1-0

[Event "HCL-M871"]
[Site "www.playchess.de"]
[Date "2006.03.07"]
[Round "8"]
[White "anne_t"]
[Black "Cramneck"]
[WhiteElo "1935"]
[BlackElo "1928"]
[PlyCount "82"]
[Result "0-1"]

1.d4 {gg & gl}  g6 {Thank you. Good luck to you 
also.}  2.e4 Bg7 3.Nc3 {i'll need it :)}  d6 {You 
are the second young lady from Holland that I have 
played on this site. Must be something about your 
country.}  4.f4 {We have quite a large chess 
population and new talents. m or 
fm.
At he moment we are second in leading young chess 
people. We was the other you played here?}  Nf6 
{AMT. There are not many female players in 
England}  5.Nf3 {I know her. She was an opponent 
is another tournament here but i couldn't beated 
her, we draw}  c5 {My game was also drawn.}  
6.Bb5+ {Strong players at playchess but makes the 
competition even more fun}  Bd7 {I played an OTB 
game tonight in this opening and lost in 21 moves. 
A litle worrying!!}  7.e5 {Well it is very 
different. Playing otb ask a lot more from a 
player then this. You can take some more time to 
develope opening theory and discover some new 
perhaps.}  Ng4 {Agreed. The sad thing is, I 
thought I knew the theory very well.}  8.e6 
{Possible true but if your opponent is playing 
side lines it can be confusing}  fxe6 {It 
certainly can.}  9.Ng5 {Yes and what about all 
these nasty bloody gambits?"! Excuse de moi for my 
tongue :)}  Bxb5 {I have played a few in my time. 
Before computer engines became strong I liked the 
Scotch Goring Gambit. Played it once on this site 
but my opponent lost on time just when it was 
getting interesting.}  10.Nxe6 {Computer engines 
are amazing strong and not beateble for me, except 
the older ones. I am not a gambit expert but 
knowsomething about it}  Bxd4 11.Nxb5 Qa5+ 12.Qd2 
Bf2+ 13.Kd1 Ne3+ 14.Ke2 Qxb5+ 15.Kxf2 Ng4+ {Merry 
Christmas}  16.Kg3 {Merry Christmas as well, God 
Bless}  Kd7 17.Re1 Nh6 18.a4 {i wish you a great 
2006!}  Qb6 {Happy New Year. Apologies for delay.} 
 19.a5 {Thank you and is not a problem, i hope you 
do not lose game  by time rule, sux a lot}  Qb5 
20.Kf2 Nc6 21.a6 bxa6 22.Kg1 Nf5 23.Ra3 Ncd4 
24.Nxd4 Nxd4 25.b3 Nc6 26.Bb2 Rhf8 27.Ra4 Rf7 
28.g3 Raf8 29.Qd5 Nb4 30.Qe6+ Kc7 31.Qe2 g5 
32.Qxb5 axb5 33.Rxa7+ Kb6 34.Rexe7 Rxe7 35.Rxe7 
gxf4 36.Bg7 Rf5 37.c3 Nd5 38.Re6 Kc6 39.Bh8 fxg3 
40.hxg3 h5 41.Kg2 h4 0-1

[Event "HCL-B3907"]
[Site "www.playchess.de"]
[Date "2006.03.07"]
[Round "5"]
[White "nafets_bln"]
[Black "tusnelda"]
[WhiteElo "1281"]
[BlackElo "1285"]
[PlyCount "37"]
[Result "1-0"]

1.e4 {hallo! wir hatten schon mal die ehre...}  e5 
{Ja doch, vor ein paar Monaten.}  2.Nf3 {erinnere 
ich genauso}  Nc6 3.Bc4 {wo kommst du her?}  h6 
{Hamburg}  4.Nc3 {habe ich auch mal gewohnt! von 
97 bis 03. geboren in kiel. jetzt wohne ich in 
berlin. wo in hh?}  Nf6 {In Wedel. Gehört zwar 
noch zu Sch.-H., doch du wirst (zumindest vom 
Hören) kennen.}  5.d3 {ja. endstation der s1. 
zumindest jede zweite bahn wenn ich nicht irre}  
Bc5 {Richtig. Der Roland und das Fährhaus mit der 
"weltberühmten" Schiffsbegrüßungsanlage sind die 
Wahrzeichen Wedels.}  6.Be3 {den roland kenne ich 
nicht. nach wedel binich nie gekommen...}  Nd4 
{Ich leb hier schon mein ganzes Leben, bin also 
Eingeborener und finde es ganz nett hier. 1/2 Std. 
bin ich in Hamburg-Innenstadt, 20Min. in der 
Marsch.}  7.Nxe5 {hier in berlin ist es mit der 
natur schon ein wenig schwieriger, mal abgesehen 
von den parks. im sommer total klasse, viele 
leute, aber ruhe? fehlanzeige!}  Ne6 {Berlin ist 
mir nicht so sonderlich sympathisch. Damals wars 
die Mauer, die einengte, heute sind's die 
Riesenbauten. Die Stadt ist jetzt  pompös 
hochgezogen worden, irgendwo fehlt mir aber das 
"Gewachsene", es wirkt alles so künstlich.}  
8.Bxc5 {wohne in friedrichshain im osten und das 
ist eine mischung aus schanzenviertel und 
caroviertel. und riesenwohnblöcke hast du in 
billstedt auch. ist alles halt viel weitläufiger 
als hh}  d6 {Na, ich meine eher die neuen 
Prachtgebäude, die wirken so'n bißchen aufgesetzt 
und unwirklich. Dann stört mich irgendwie, daß der 
Bundestag im Reichstag tagt. Kann ich nicht 
nachvollzienen, diese Euphorie, gerade dieses 
Gebäude zu nutzen.}  9.Nxf7 {denke diese euphorie 
spürt man eher außerhalb. und: es ist sind doch 
nur steine. verstehe mich nicht falsch, ich bin 
linksliberal, aber wegen 12 oder 13 jahren ein 
gebäude nicht mehr nutzen das u.U. schon 200 
steht?}  Kxf7 {Das Gebäude als Holocaust-Denkmal 
statt der Felslandschaft (27,6Mio€) zu nutzen, 
wäre m.E. sinnvoller gewesen. Aber egal, wichtiger 
wäre, daß die da drin funktionieren. Und das sehe 
ich nicht.}  10.Bd4 {verstehe, aber bedeutete das 
nicht die nicht betroffenden jahre in sippenhaft 
zu nehmen? und funktioniert haben die in bonn auch 
nicht}  c6 {Das hieße, das davor abgrenzen. Geht 
m.E. nicht, weil alles seine Wurzeln hat. Wir, die 
wir "das Glück der späten Geburt" haben, sind das 
Zweigwerk, das das Verursachte mit Bargeld und 
Demut zu zahlen hat.}  11.O-O {genau! und du 
grenzt die 200 jahre davor ab, auch nicht gerade 
fair! ...und sühnen bis ans ende unserer tage? da 
nehm ich von abstand}  Kf8 {Genau das tu ich auch. 
Was war, muß dargestellt werden, wie es war. Und 
es muß sein Ende finden. Und es muß hinterfragt 
werden, weshalb die Millionen von Ausländern, die 
bei uns leben, das, was wir nicht bis ans Ende 
tragen wollen, mittragen müssen.}  12.Be3 
{inwiefern? wie sollte ihr beitrag denn aussehen?} 
 Ng5 {Kein Beitrag. Denn was hier gezahlt wird, 
kann nur Menschen abgefordert werden, die ganz 
bewußt einer solchen Zahlung zustimmen. Zahlen 
müßten unsere Kriegsgewinnler, die es bis heute 
verstanden haben, sich überall herauszuhalten.}  
13.Qe2 b5 14.Bb3 {hört sich alles ziemlich vage 
an. werd doch mal konkret. und was hat das 
deutsche volk damit zu tun, dessen repräsentanten 
da sitzen?}  Qc7 {Der erhobene Zeigefinger unserer 
Repräsentanten deuted nicht nur stets auf den 
Steuerzahler sondern suggeriert allen auf dem 
Boden der heutigen Bundesrepublik ansässigen 
Menschen (darunter wohl 10 Mio. Ausländer) ein 
Erbschuld, bombt aber kräftig mit.}  15.Bf4 Qd7 
16.e5 {verstehe überhaupt nicht worauf du hinaus 
willst. leider}  dxe5 {Sind mehrere Aspekte, die 
aber in Thesenform wohl nicht darzustellen sind. 
Auch stellt sich die Frage, ob wir denn nun nicht 
beide am "Thema" vorbei sind.}  17.Bxe5 {ja. 
leicht vom weg abgekommen... scheint bei dir auch 
die sonne? bin ja gerade in kiel und gibt es sonne 
satt im moment jedenfalls}  Nh3+ {Im Moment ist es 
6:41 Uhr. Gerade wird's hell. Doch die vergangenen 
Tage war's insbesondere vormittags sonnig. Zum 
Mittag und Nachmittag hin bewölkt es sich häufig. 
Doch geschneit hat's hier und -5Grad waren es 
heute nacht.}  18.gxh3 Qxh3 19.Bd6+ 1-0